Kunst und Kultur in Theresienstadt : eine Dokumentation in Bildern / Rudolf M. Wlaschek (Hg.)
Record details
- ISBN: 3-88350-052-6 (váz.)
- Physical Description: 80 s. : il. ; 30 cm
- Edition: 1. Aufl.
- Publisher: [Gerlingen] : Bleicher, [2001]
Content descriptions
| General Note: | Souběžný anglický úvod |
| Bibliography, etc. Note: | Obsahuje bibliografii |
Available copies
- 1 of 1 copy available at Common Catalog SPOK.
Holds
- 0 current holds with 1 total copy.
Show Only Available Copies
| Location | Call Number / Copy Notes | Barcode | Shelving Location | Status | Due Date |
|---|---|---|---|---|---|
| Terezin Initiative Institute | 3501 | 4594303501 | Knihovna ITI | Available | - |
| LDR | 01600nam a2200457 a 4500 | ||
|---|---|---|---|
| 001 | 26888 | ||
| 003 | CZ-PrJAB | ||
| 005 | 20220906042728.0 | ||
| 008 | 011102s2001 gw a gr 000 0 ger | ||
| 020 | . | ‡a3-88350-052-6 (váz.) | |
| 035 | . | ‡a(CONS)1703 | |
| 035 | . | ‡a(CZ PrSKC)zpk20011007891 | |
| 040 | . | ‡aABA001 ‡bcze | |
| 041 | 1 | . | ‡ager ‡aeng |
| 080 | . | ‡a343.819.5 ‡2MRF | |
| 080 | . | ‡a316.72/.75-027.22 ‡2MRF | |
| 080 | . | ‡a394 ‡2MRF | |
| 080 | . | ‡a(=411.16) ‡2MRF | |
| 080 | . | ‡a(437.315) ‡2MRF | |
| 080 | . | ‡a(437.3) ‡2MRF | |
| 080 | . | ‡a(081) ‡2MRF | |
| 080 | . | ‡a(084.11) ‡2MRF | |
| 100 | 1 | . | ‡aWlaschek, Rudolf Mathias, ‡d1915- ‡7jn19990009229 ‡4aut |
| 245 | 1 | 0. | ‡aKunst und Kultur in Theresienstadt : ‡beine Dokumentation in Bildern / ‡cRudolf M. Wlaschek (Hg.) |
| 250 | . | ‡a1. Aufl. | |
| 260 | . | ‡a[Gerlingen] : ‡bBleicher, ‡c[2001] | |
| 300 | . | ‡a80 s. : ‡bil. ; ‡c30 cm | |
| 500 | . | ‡aSouběžný anglický úvod | |
| 504 | . | ‡aObsahuje bibliografii | |
| 852 | 4 | . | ‡bJACH-ITI ‡bJACH-ITI ‡cKnihovna ITI ‡j3501 ‡p3501 ‡y$0.00 |
| 910 | . | ‡aABE340 ‡b3501 | |
| 995 | . | ‡askok | |
| 901 | . | ‡a26888 ‡bISxN ‡c26888 ‡tbiblio | |